[Event "Interzonal-16"]
[Site "Biel"]
[Date "1993.??.??"]
[Round "1"]
[White "Van Wely, Loek"]
[Black "Kramnik, Vladimir"]
[Result "1-0"]
[WhiteElo "2585"]
[BlackElo "2710"]
[Annotator "Ambroz,J"]
[PlyCount "87"]
[EventDate "1993.07.16"]
[EventType "swiss"]
[EventRounds "13"]
[EventCountry "SUI"]
[SourceTitle "CBM 037"]
[Source "ChessBase"]
[SourceDate "1993.12.01"]
[SourceVersion "1"]
[SourceVersionDate "1993.12.01"]
[SourceQuality "1"]

1. d4 d5 2. Nf3 c6 3. c4 Nf6 4. Nc3 e6 5. Bg5 dxc4 6. e4 b5 7. e5 h6 8. Bh4 g5
9. Nxg5 hxg5 10. Bxg5 Nbd7 11. exf6 Bb7 12. g3 c5 13. d5 Nxf6 (13... Nb6 14.
dxe6 Bxh1 15. e7 Qd7 16. Qxd7+ Nxd7 17. Nxb5 $36 {Ionov-Sherbakov,R, Rostov 
(op) 1993}) (13... Bh6 14. Bxh6 Rxh6 15. Qd2 Qxf6 16. O-O-O $14 {
Yusupov-Shirov, Linares 1993}) 14. Bg2 (14. dxe6 Bg7 $1 $13 {Lobron-Kramnik,
Dortmund 1993}) 14... Be7 15. O-O Nxd5 16. Bxe7 Kxe7 17. Nxb5 Qb6 18. Na3 (18.
Nc3 Nxc3 19. bxc3 Bxg2 20. Kxg2 Qc6+ 21. f3 Rad8 22. Qe1 Rd3 23. Rf2 Qd5 24.
Rb1 $10 {Quist-Karolyi, Dieren 1988}) 18... Rh4 $5 (18... c3 19. Nc4 Qc7 20.
bxc3 Nxc3 21. Qd2 Bxg2 22. Kxg2 Ne4 23. Qe3 $14 {Van Wely-Dreev, Bern 1993})
19. Qd2 (19. gxh4 Rg8 $1 (19... Nf4 20. Bxb7 Qxb7 (20... Rg8+ 21. Kh1 Qxb7+ 22.
f3 Qxb2 23. Qd6+) 21. f3 $18 (21. Qg4 $2 Ne2+ $1 $19) 21... Qxb2 (21... Rg8+
22. Kh1 Qxb2 23. Qd6+ Ke8 24. Qc6+) 22. Qd6+ $1) 20. Nxc4 Nf4 21. f3 (21. Nxb6
$2 Nh3+ 22. Kh1 Bxg2#) 21... Rxg2+ 22. Kh1 Qc7 $44) 19... Rd4 (19... Rg8 $5 20.
gxh4 (20. Rfd1 Rd4) 20... Nf4 21. Rfd1 Qc7 $40) (19... Nf4) 20. Qg5+ $1 Nf6 21.
Bxb7 Rg8 22. Qe5 Nd7 23. Qe2 Qxb7 24. Nxc4 Rh4 {/\ 25...Rh2!, Rh8} (24... Qd5
25. b3 {/\ Rad1}) 25. f3 Qc7 (25... Rh5 26. Rad1 Rgh8 27. Rf2 $14) (25... Rd4
$143 26. Rad1) 26. Ne3 Kf8 (26... Qe5 27. Rad1) 27. Ng4 $1 Rh5 28. Rad1 $16 Rd5
29. Qe4 Qd6 30. Ne3 Rd4 (30... Nf6 31. Qh4 (31. Rxd5 Rxg3+ $1)) 31. Rxd4 Qxd4 (
31... cxd4 32. Rd1 e5 33. Nf5 $18 Qb8 (33... Qb6 34. Rc1 $1) 34. Qh4 $1) 32.
Rd1 Qxe4 33. fxe4 Ke7 34. Nc4 Nb8 (34... Nf6 $142 35. e5 Nd5 36. Kf2 {/\ h4+/-}
) 35. Kf2 Nc6 36. Rd3 Rg4 37. Nd2 $1 {><a7, c5} a5 38. Rc3 Kd6 (38... Ne5 39.
Rb3 $5) 39. h3 Rg8 40. Nc4+ Ke7 41. Rb3 Rd8 42. Rb5 $18 Rd4 43. Rxc5 Nb4 44. a3
(44. a3 Nd3+ 45. Ke3 Nxc5 (45... Rxe4+ 46. Kxd3) 46. Kxd4) 1-0

[Event "EU-Cup 15th Gr6"]
[Site "Budapest"]
[Date "1999.10.11"]
[Round "1"]
[White "Atalik, Suat"]
[Black "Savchenko, Stanislav"]
[Result "1/2-1/2"]
[WhiteElo "2598"]
[BlackElo "2583"]
[Annotator "Atalik,S"]
[PlyCount "55"]
[EventDate "1999.10.11"]
[EventType "team-k.o."]
[EventRounds "3"]
[EventCountry "HUN"]
[SourceTitle "EXT 2020"]
[Source "ChessBase"]
[SourceDate "2019.10.17"]
[SourceVersion "1"]
[SourceVersionDate "2019.10.17"]
[SourceQuality "1"]
[WhiteTeam "Podgorica Montenegrobanka"]
[BlackTeam "Alchevsk Garant-Donbass"]
[WhiteTeamCountry "MNE"]
[BlackTeamCountry "UKR"]

1. d4 d5 2. c4 c6 3. Nf3 Nf6 4. Nc3 e6 5. Bg5 h6 6. Bh4 dxc4 7. e4 b5 {
Stanislav heads for the Botvinnik,an opening which I had several times in last
months.} 8. e5 g5 9. Nxg5 hxg5 10. Bxg5 Nbd7 11. exf6 (11. g3 {Still lazy to
learn} Rg8) 11... Bb7 12. g3 c5 13. d5 Qb6 {Now there ain't no difference.} 14.
Bg2 O-O-O 15. O-O b4 16. Rb1 {A move found by Uhlmann but elaborated by Yermo.}
Qa6 17. dxe6 Bxg2 18. e7 Bxf1 {Somewhere around heresomething strange
happenned to me.I was standing there but could not figure out the move order
in the line we have looked the day before with Yermo.} 19. Qd5 Bh6 $8 20. Bxh6
Bd3 {Now I have played a strange move after half an hour of thought.As a
result of it I had to continue the game being a rook down combined with half
an hour left on the clock.} 21. Ne4 $5 (21. Qa8+ Nb8 22. exd8=Q+ Rxd8 23. Re1
bxc3 24. Bf4 Qb6 25. bxc3 Bf5 26. h4 Qb7 27. Qxb7+ Kxb7 28. Re7+ Rd7 29. Bxb8
Kxb8 30. Rxd7 Bxd7 31. Kg2 Kc7 32. Kf3 Kd6 33. Kf4 Bc6 $3 {leads to a peculiar
draw as demonstrated in Azmaiparashvili-Shirov, Madrid 1996.}) 21... Bxe4 $8 (
21... Bxb1 $2 22. Nd6+ Kc7 23. Bf4 {looked terminal to me but according to
Yermo it is a draw.} Kb6 24. Nxc4+ Kb5 25. Nd6+ Kb6 (25... Ka4 $2 26. b3+ Ka3
27. Bc1+ Kxa2 28. Qd2+ Kxb3 29. Qb2+ Ka4 30. Qa1+ Kb3 31. Qxb1+ Kc3 32. Qb2+
Kd3 33. Qd2#) (25... Ka5 $2 26. Nb7+ $18) 26. exd8=Q+ (26. a4 $3 bxa3 27. Nc4+
Kb5 28. Nxa3+ Kb4 (28... Ka4 29. Qd1+ Ka5 30. Bc7+ $18) (28... Ka5 29. Bc7+ Ka4
30. exd8=Q Rxd8 31. Nxb1 $18) (28... Kb6 29. Qd6+ Kb7 30. Qc7+ $18) 29. Qd2+
Kb3 (29... Ka4 30. Qd1+ Ka5 31. Bc7+ $18) 30. Qd1+ Kxb2 31. Qxb1+ Kc3 32. Nb5+
$18) 26... Rxd8 27. a4 $3 {may even be more correct.}) 22. Qxe4 Rde8 $8 {
Till now Stanislav was moving quite fast,which was a proof that the position
was theoretical.} (22... Rdg8 $2 23. Bg7 Qb7 (23... Nxf6 24. Qf5+ Nd7 25. Bxh8
Rxh8 26. Qxf7 Nf6 27. Qf8+ $18) 24. Qe3 $18) {Here I started to have the
illusion that 23.Bg7 is the wrong move after some thought it became clear that
instead it is a forced one.} 23. Bg7 (23. Bf4 $2 Qb7) 23... Rh5 $1 (23... Rhg8
$2 24. Rd1 Qb5 25. Qa8+ Nb8 26. Qd5 $18 (26. Bh6 Rg6 27. Bf4 $18)) 24. Rd1 $8
Qb5 ({later I have learned that we were following Beliavsky-Shirov ,Ljubljana
(ECC) 1994.Even people tried to improve later on that game.} 24... Qa4 $6 25.
Rd2 Ne5 26. Rd8+ $1 Kc7 27. Qd5 $1 $18 (27. Qa8 $2 Qd1+ $1 {was the big time
trick in IM Ranko Szuhanek's analysis.})) 25. Qa8+ (25. f4 $2 c3 26. bxc3 bxc3
27. Rb1 c2 28. Qa8+ Nb8 29. Rxb5 c1=Q+ 30. Kg2 Qd2+ 31. Kf3 Qd1+ $19 {
according to some Shirov's analysis.}) (25. a4 $6 Qxa4 (25... bxa3 26. bxa3 Re5
27. Qa8+ Nb8 28. Qxa7 c3) 26. Qa8+ Kc7 27. Qxe8 Qxd1+ 28. Kg2 Qd5+) 25... Nb8 (
25... Qb8 $2 26. Qc6+ Qc7 27. Qa6+ Kb8 28. Qb5+ Kc8 29. Qxc4 Ne5 30. Qa6+ $18)
26. Qe4 $1 $11 Nd7 (26... Kc7 27. Rd8 $1 $18) 27. Qa8+ Nb8 28. Qe4 (28. Qf3 $6
{would have carried too much of a risk.} Re5) 1/2-1/2

[Event "Bundesliga 1011"]
[Site "Germany"]
[Date "2011.03.20"]
[Round "13.7"]
[White "Babula, Vlastimil"]
[Black "Hoffmann, Michael"]
[Result "1-0"]
[WhiteElo "2515"]
[BlackElo "2510"]
[Annotator "Babula/Meyer,CD"]
[PlyCount "63"]
[EventDate "2010.10.09"]
[EventType "team-tourn"]
[EventRounds "15"]
[EventCountry "GER"]
[SourceTitle "CBM 142"]
[Source "ChessBase"]
[SourceDate "2011.05.17"]
[SourceVersion "1"]
[SourceVersionDate "2011.05.17"]
[SourceQuality "1"]
[WhiteTeam "Werder Bremen"]
[BlackTeam "Solingen"]
[WhiteTeamCountry "GER"]
[BlackTeamCountry "GER"]

1. d4 d5 2. c4 c6 3. Nc3 Nf6 4. Nf3 e6 5. Bg5 h6 {'The Moscow variation is
very popular nowadays.'} 6. Bh4 $5 {In dieser brandgefährlichen
Gambit-Variante gibt es noch vieles zu entdecken.} dxc4 7. e4 g5 8. Bg3 b5 9.
e5 {'This rare plan was in 2008 revitalised by Mamedyarov.'} Nd5 10. Nd2 {
'The point of the e4-e5 push, the knight aims to e4.'} Nd7 11. Be2 Bb7 12. O-O
Qb6 13. a4 a6 14. Nde4 {'This is considered as the main line in this subsystem,
but of course Black can deviate in moves 10-13.'} O-O-O (14... c5 $6 15. Nxd5
Bxd5 16. Nc3 $13 {is suspicious for Black.}) 15. Qd2 (15. Bh5 $6 {is incorrect
because of} Nf4 $1 {with the idea ...Nxe5, as proved by the game
Mamedyarov-Gelfand, Moscow 2008.}) 15... c5 {'Black's main strategical idea.'}
16. axb5 axb5 17. Nxd5 Bxd5 18. Nc3 Nb8 (18... Bb7 19. d5 Bg7 20. b3 {ist
gefährlich für Schwarz, trotz des folgenden "Wechselbades":} Bxe5 (20... cxb3
21. Bxb5 Nxe5 22. Qe2 $16) 21. bxc4 $2 (21. Bxe5 Nxe5 22. Qe3) 21... b4 $2 (
21... Bxg3 22. hxg3 b4 $13) 22. Bxe5 $16 Nxe5 23. Qe3 Nd7 24. Nb5 exd5 25. cxd5
$4 (25. Qg3 $16) 25... Rhe8 $17 26. Qg3 Ne5 27. Na7+ Kc7 {0-1/44, Stocek,J 
(2593)-Najer,E (2663)/Wheeling 2010}) 19. Nxd5 $1 $146 {'A new move found at
home.'} ({Here is a break Wirft neue Fragen auf, während von} 19. b3 $2 {
'not good as after' eher abzuraten ist, z.B.} cxb3 (19... cxd4 $2 20. Nxd5 exd5
21. bxc4 dxc4 22. Ra8 (22. Rfb1 $1 d3 23. Bg4+ Kb7 (23... Kc7 24. e6+) 24. Bf3+
Nc6 25. e6) 22... Bc5 (22... d3) 23. Rfa1 (23. Rb1 d3 24. Bg4+ Kb7 25. Ra5 b4
26. Rxc5 Qxc5 27. Rxb4+ $18) 23... Kd7 24. h4 $6 (24. Bg4+) 24... Ke8 $2 (24...
d3) 25. e6 $1 {1-0/38, Werle,J (2591)-Hoffmann,M (2469)/Netherlands 2009}) 20.
dxc5 {'Black has the strong'} Bc4 $1 (20... Bxc5 $2 21. Nxd5 Rxd5 22. Qc3 Rhd8
23. Qxb3 {1/2-1/2, Halkias,S (2585)-Motylev,A (2666)/Plovdiv 2008}) 21. Qc1
Bxc5 $17) 19... Rxd5 20. Bf3 Rxd4 21. Qe2 {'©' 'And this is a position which I
focused in. From a material point of view Black is two pawns up. But it is a
doubled pawn and the c5 pawn restricts Black's bishop. How nice it would be
placed on c5. White has the very strong bishop on f3 and the very safe king
opposite to Black's one. The bishop on g3 is not active but he defends the
potential weak pawns e5 and f2. Generally I think that White's position is
more pleasant and easy to play, especially from a human point of view.'} Bg7 ({
If Black had known White's plan then he would have surely considered} 21... Rd7
$5 {with the idea ...Ra7.} {Nach der Folge} 22. h3 Ra7 23. Rxa7 Qxa7 24. b3 Be7
25. bxc4 b4 {hat Weiß Kompensation für den Minusbauern, aber nicht mehr, z.B.}
26. Qb2 $5 $44 {/\Ra1}) 22. Ra8 Rhd8 $2 {'A logical move but not a good one.'}
({The best defence was the immediate king's escape from the dangerous zone} 
22... Kd7 $1 $13) 23. Rfa1 {'And this position is already better for White as
Black has no good plan.'} b4 {'Black doesn't want to wait and tries to push
his majority but it only helps White as Black's king becomes more vulnerable.'}
({I The problem is that} 23... Kd7 {is no more possible because of the queen
trap} 24. R8a7+ Ke8 $2 (24... Kc8 25. Rxf7) 25. Rb7 $1 {. The plan with ...
R8d7 and ...Kd8 also doesn't work because of Rxb8 and Ra8.}) ({II Nach} 23...
R8d7 24. h3 (24. Rxb8+ $4 Qxb8 25. Ra8 Rd1+ $19) 24... Kd8 25. Rxb8+ Qxb8 26.
Ra8 Qxa8 27. Bxa8 Rd2 {und dem weiteren} 28. Qe3 Rxb2 29. Be4 Ra2 30. f4 $1 $16
{bleibt Weiß im Vorteil.}) 24. h3 {'An important part of White's plan, he
safeguards his king.'} b3 (24... c3 $2 25. R1a6 $18) 25. R1a4 (25. Kh2 $5)
25... Qb5 ({I} 25... c3 $2 26. R4a6 $18 Qb4 27. bxc3) ({II} 25... R8d7 26. Kh2
Bf8 (26... Rd3 27. Rxc4) 27. Qf1 {/\Ra1}) 26. Kh2 {'+/-' 'Prophylaxis is over,
the next plan is to penetrate with the queen.'} R8d7 $6 {'Loses,'} ({I as well
as} 26... Bf8 $6 27. Qe1 $18) ({II According to the computer} 26... Qb6 $16 {
is the only defence, but in the long term Black can't survive.}) 27. Qe1 $40 {
'+-!' 'The queen aims to a1, White's attack is decisive.'} Rd3 (27... Bf8 28.
Qa1) 28. R4a5 $5 (28. Qe4) 28... Qb6 29. Qe4 c3 (29... R3d4 30. Qh7 Bf8 31. Qg8
Rd8 32. R5a7) 30. Rxb8+ {'Such sacrifices are always pleasant,'} ({but I saw
also} 30. Qc4 {'+-'}) 30... Qxb8 31. Ra8 {'Threatening Qc6.'} R7d5 32. Qa4 1-0

[Event "RUS-chT 03rd"]
[Site "Kazan"]
[Date "1995.??.??"]
[Round "8"]
[White "Bareev, Evgeny"]
[Black "Filippov, Valerij"]
[Result "1/2-1/2"]
[WhiteElo "2650"]
[BlackElo "2510"]
[Annotator "Bareev,E"]
[PlyCount "83"]
[EventDate "1995.??.??"]
[EventType "team-tourn"]
[EventRounds "9"]
[EventCountry "RUS"]
[SourceTitle "CBM 051"]
[Source "ChessBase"]
[SourceDate "1996.04.01"]
[SourceVersion "1"]
[SourceVersionDate "1996.04.01"]
[SourceQuality "1"]
[WhiteTeam "Azov Ladya"]
[BlackTeam "Kemerovo SDYuShOR Politekhnik"]
[WhiteTeamCountry "RUS"]
[BlackTeamCountry "RUS"]

1. d4 {King} d5 2. Nf3 Nf6 3. c4 c6 4. Nc3 e6 5. Bg5 dxc4 6. e4 b5 7. e5 h6 8.
Bh4 g5 9. Nxg5 hxg5 10. Bxg5 Nbd7 11. exf6 Bb7 12. g3 c5 13. d5 Bh6 14. Bxh6
Rxh6 15. Qd2 Qxf6 16. O-O-O Kf8 17. f3 exd5 18. Nxd5 Qd6 19. Qg5 $1 {N/} Rg6 (
19... Ne5 20. Nc7 Qf6 21. Qxf6 Rxf6 22. Nxa8 Bxf3 23. Rg1 Bxd1 24. Kxd1 Rf2 25.
Be2 Nd3 26. b3 $18) 20. Qf5 Ne5 (20... Rd8 21. Bxc4 $1 bxc4 22. Nf4 Qf6 23.
Nxg6+ Qxg6 24. Qxg6 fxg6 25. h4 $16) 21. Nf4 Rf6 22. Qh3 $1 (22. Qh5 $4 Qxd1+
$19) (22. Qh7 Rh6) 22... Qxd1+ $8 (22... Qa6 23. Qh8+ Ke7 24. Qh5 $18) (22...
Qc7 23. Qh8+ Ke7 24. Qg7 Rd8 25. Re1 Qd6 26. Rxe5+ $18) 23. Kxd1 Bxf3+ 24. Kc1
Bxh1 25. Qh4 $1 Nd7 $8 26. Bh3 Rd6 $8 27. Bxd7 Rxd7 28. Qh8+ Ke7 29. Qe5+ Kd8 {
King: I have a feeling that White should have won this game: the Black king is
exposed, and there are several weak pawns to go for. The knight is
well-supported which helps too.} (29... Kf8 30. Qxc5+ $16) 30. h4 $1 $16 (30.
Qxc5 $5 {King} Rc8 (30... c3 $5 31. bxc3 Rc8 32. Qg5+ Kc7) 31. Qxb5 c3 32. Qa5+
Ke7 33. Qe5+ Kd8 34. bxc3) 30... b4 $1 $138 {King: The bishop on h1 is
actually superbly placed: it protects the rook on a8, controls some crucial
squares in the centre, and can't be (sensibly) attacked by the queen.} (30...
Rc8 $2 31. h5 Rc6 32. h6 Rcd6 (32... Rxh6 33. Qg5+ $18) 33. h7 Rd1+ 34. Kc2
R7d2+ 35. Kc3 $18) 31. h5 b3 (31... Bf3 32. Qe3 $16) 32. axb3 cxb3 33. h6 $2 (
33. Qc3 $1 $16 {Filippov/}) 33... Bf3 34. Nd5 (34. Ne6+ $6 fxe6 35. Qf6+ Kc7
36. Qxf3 Rad8 37. g4 Rd3 $1 38. Qf1 Kb6 $1 39. g5 (39. h7 R3d7) 39... Rg3)
34... Rxd5 $8 35. Qf6+ Kc7 36. Qxf3 Kc6 $1 $10 (36... Rad8 37. h7 R5d7 38. Qh5
Re8 $8 39. Qxc5+ Kd8 40. Qg5+ (40. Qb4 f6 $1 $10) 40... Kc8 {/\Rdd8/}) 37. h7 (
37. g4 Rc8 38. Qxb3 $16) 37... Re8 $1 $8 38. Qxb3 Re1+ 39. Kc2 Re2+ 40. Kb1 Rh2
41. Qa4+ Kb6 42. Qb3+ $10 1/2-1/2

[Event "Bled op 17th"]
[Site "Bled"]
[Date "1996.??.??"]
[Round "3"]
[White "Beliavsky, Alexander G"]
[Black "Palac, Mladen"]
[Result "1-0"]
[WhiteElo "2615"]
[BlackElo "2545"]
[Annotator "Beliavsky,A"]
[PlyCount "73"]
[EventDate "1996.03.??"]
[EventType "swiss"]
[EventRounds "9"]
[EventCountry "SLO"]
[SourceTitle "CBM 051 Extra"]
[Source "ChessBase"]
[SourceDate "1996.05.01"]
[SourceVersion "1"]
[SourceVersionDate "1996.05.01"]
[SourceQuality "1"]

1. d4 d5 2. c4 e6 3. Nc3 c6 4. Nf3 dxc4 5. Bg5 Nf6 6. e4 b5 7. e5 h6 8. Bh4 g5
9. Nxg5 hxg5 10. Bxg5 Nbd7 11. exf6 Bb7 12. g3 Qb6 13. Bg2 O-O-O 14. O-O Bh6
15. Bxh6 (15. Be3 Nxf6 16. Qf3 Bxe3 17. fxe3 Rh6 $13) 15... Rxh6 16. Ne4 $1 {
16.a4Nf617.a5Qd418.a6Ba819.Qf3Qd320.Qf4Qd221.Qe5Ng422.Qg7Rh222Rad1Rg223.Kg2
Ne3Chuchelov-Wolf,Berlin1995;17.Qc1Rdh818.Qf4Mikhalchishin} c5 (16... Nxf6 17.
Nc5 $16) 17. Qf3 $1 {Novelty} (17. Qd2 Rhh8 18. Qf4 Bxe4 19. Bxe4 cxd4 $13)
17... Bxe4 (17... Nxf6 $2 18. Qf4 $16) 18. Qxe4 cxd4 (18... Nxf6 19. dxc5 Nxe4
20. cxb6 f5 21. bxa7 Kb7 22. Rad1 $16) 19. a4 $1 Nc5 (19... Nxf6 20. Qf4 Rdh8
21. axb5 $16) 20. Qf4 Rh5 21. axb5 $16 Rf5 22. Qc1 $1 c3 23. Qc2 $1 cxb2 24.
Qxb2 Kb8 (24... Rxf6 25. Rfc1 Kb8 26. Qa3 Rf5 27. g4 Re5 28. f4 $18) 25. Ra2 $1
e5 26. Qe2 e4 (26... d3 27. Qe3 $16) 27. Rfa1 Rxf6 (27... Rd7 28. Bh3 $18) 28.
Qh5 $1 $18 Rd7 29. Rc2 Rc7 30. Rac1 Rh6 (30... Ne6 31. Qh8+ $18) 31. Qe5 Re6
32. Qxd4 Rd6 33. Qh8+ Rc8 34. Qe5 f6 35. Rxc5 Rxc5 (35... fxe5 36. Rxc8+ Kb7
37. Bxe4+) 36. Qxc5 Rd1+ 37. Bf1 1-0

[Event "Moscow"]
[Site "Moscow"]
[Date "1981.04.??"]
[Round "6"]
[White "Polugaevsky, Lev"]
[Black "Torre, Eugenio"]
[Result "1-0"]
[WhiteElo "2620"]
[BlackElo "2550"]
[Annotator "Belov,I"]
[PlyCount "79"]
[EventDate "1981.04.08"]
[EventType "tourn"]
[EventRounds "13"]
[EventCountry "URS"]
[EventCategory "15"]
[SourceTitle "MCL"]
[Source "ChessBase"]
[SourceDate "1999.07.01"]
[SourceVersion "1"]
[SourceVersionDate "1999.07.01"]
[SourceQuality "1"]

1. d4 d5 2. c4 c6 3. Nf3 Nf6 4. Nc3 e6 5. Bg5 dxc4 6. e4 b5 7. e5 h6 8. Bh4 g5
9. Nxg5 hxg5 10. Bxg5 Nbd7 11. exf6 Bb7 12. g3 c5 13. d5 Nb6 $6 (13... Bh6) (
13... Qb6) (13... Nxf6) 14. dxe6 $1 Qxd1+ 15. Rxd1 Bxh1 16. e7 a6 17. h4 $3 (
17. exf8=Q+ Kxf8 (17... Rxf8 $2 18. Rd6 Nd7 19. Bf4 O-O-O 20. Bh3 $16 {Smejkal,
J-Bednarski,J/SWE/1975/1:0 (43) Inf 20/578/}) 18. Rd6 Rb8 19. Be3 Rh5 20. Be2
Re5 21. Kd2 b4 22. Nd1 Kg8 $1 $15 {Plachetka,J-Bagirov,V/Berlin/1979/0:1 (38)
Inf 28/579/}) 17... Bh6 18. f4 $1 {>< Rh8/} b4 19. Rd6 $1 (19. Nb1 $10) 19...
Rb8 (19... bxc3 20. Rxb6 cxb2 (20... c2 21. Kd2 Kd7 22. Bxc4 Be4 23. Rxa6 $1
$18) 21. Bxc4 $16) 20. Nd1 Bxg5 21. fxg5 Nd5 $1 (21... Bd5 22. Ne3 Be6 23. Bg2
Bd7 24. Be4 $16 {/\ Nf5/}) 22. Bxc4 Nxe7 23. fxe7 Kxe7 24. Rf6 $1 (24. Rxa6
Rhe8 $1 25. Rf6 Kf8+ $13 {/\ Re7/}) 24... Rhf8 25. Ne3 (25. Nf2 $5 {/\ Nd3/})
25... Be4 26. Rxa6 $16 Rbd8 27. Rf6 (27. h5 Rg8 28. g6 fxg6 29. Bxg8 Rxg8 $16)
27... Rd6 28. Rf4 Rd4 29. h5 Bd3 $1 30. Nd5+ $1 Kd6 31. Rxd4 cxd4 32. Bb3 $6 (
32. Bxd3 $142 Kxd5 33. h6 Rg8 (33... Rh8 34. Kf2 Kd6 35. Kf3 Ke7 36. Kg4 f6 37.
Kh5 $1 $18) 34. h7 Rh8 35. Kd2 Kd6 36. Kc2 Ke7 37. Kb3 Kf8 38. Kxb4 Kg7 39. Kc4
$18 {Polugaevsky/}) 32... Bc2 $1 33. Bxc2 Kxd5 34. Bb3+ $6 (34. h6 $142) 34...
Ke5 35. g4 Kf4 $2 (35... d3 $142 36. Kd2 Kd4 $10) 36. g6 $18 Ke3 (36... fxg6
37. hxg6 Re8+ 38. Kd2 Re7 39. Bf7) 37. g7 Rc8 38. Kf1 (38. h6 $18) 38... d3 39.
Kg2 Kf4 40. h6 $18 {Time/} 1-0

[Event "White Knights"]
[Site "Leningrad"]
[Date "1984.??.??"]
[Round "?"]
[White "Yermolinsky, Alex"]
[Black "Rivas Pastor, Manuel"]
[Result "1-0"]
[WhiteElo "2420"]
[BlackElo "2500"]
[Annotator "Belov,I"]
[PlyCount "59"]
[EventDate "1984.06.??"]
[EventType "tourn"]
[EventRounds "13"]
[EventCountry "URS"]
[EventCategory "9"]
[SourceTitle "MCL"]
[Source "ChessBase"]
[SourceDate "1999.07.01"]
[SourceVersion "1"]
[SourceVersionDate "1999.07.01"]
[SourceQuality "1"]

1. Nf3 d5 2. d4 Nf6 3. c4 c6 4. Nc3 e6 5. Bg5 dxc4 6. e4 b5 7. a4 Bb4 (7... Qb6
$5 $13) 8. e5 h6 9. exf6 hxg5 10. fxg7 Rg8 11. h4 gxh4 (11... g4 12. Ne5 Rxg7
13. h5 f5 14. Be2 c5 (14... Qg5 15. Qd2 $14) 15. h6 Rh7 16. Bxg4 Qxd4 17. Bh5+
Ke7 18. Ng6+ Kf6 19. Qc1 $16 {Oll,L-Yudasin,L/URS/1989/}) 12. Rxh4 Qf6 (12...
Nd7 $5 13. Rh8 Ke7 14. Qd2 Rxh8 15. gxh8=Q Qxh8 16. axb5 cxb5 17. Nd5+ exd5 18.
Qxb4+ Kd8 19. Qxb5 $14 {Ehlvest,J-Andrianov,N/Tallinn/1981/}) 13. g3 (13. Rh5
a6 14. axb5 cxb5 15. Rxb5 axb5 16. Rxa8 Qf4 17. Be2 Bb7 18. Ra7 Bc6 19. g3 $14
{Ehlvest,J-Temkin,A/URS/1981/}) 13... Nd7 14. Bg2 Bb7 15. Kf1 $1 Bxc3 16. bxc3
a6 $6 (16... Qxg7 $142 17. Ne5 Nxe5 18. dxe5 Qxe5 19. axb5 Rd8 20. Rd4 Rxd4 21.
Qxd4 $16 {Wirthensohn,H-Flear,G/Graz/1984/}) 17. Ne5 $1 Nxe5 18. dxe5 Qxe5 (
18... Qxg7 19. Qd6 Rc8 20. axb5 axb5 21. Ra7 $18) 19. axb5 axb5 (19... Rd8 20.
Rd4 Rxd4 21. cxd4 Qd6 (21... Qxg7 22. bxa6 Ba8 23. Qa4 $18) 22. bxa6 Ba8 23.
Qg4 $18) 20. Rxa8+ Bxa8 21. Qa1 Qb8 (21... Bb7 22. Qa7 Qc7 23. Rh8 $18) 22. Rh8
Kd7 $8 23. Rxg8 Qxg8 24. Qa7+ Kd6 25. Qa3+ $18 b4 (25... Kd7 26. Qf8) 26. Qxb4+
c5 27. Qb6+ Ke5 28. Qxc5+ Kf6 29. Qd4+ e5 30. Qh4+ (30. Qh4+ Kxg7 31. Qg5+ Kf8
32. Qxg8+ Kxg8 33. Bxa8 $18) 1-0

[Event "POL-ch 52nd"]
[Site "Warsaw"]
[Date "1995.??.??"]
[Round "7"]
[White "Czerwonski, Aleksander"]
[Black "Jaracz, Pawel"]
[Result "1-0"]
[WhiteElo "2370"]
[BlackElo "2410"]
[Annotator "Bulletin"]
[PlyCount "55"]
[EventDate "1995.02.11"]
[EventType "tourn"]
[EventRounds "17"]
[EventCountry "POL"]
[EventCategory "8"]
[SourceTitle "EXT 1999"]
[Source "ChessBase"]
[SourceDate "1998.11.16"]
[SourceVersion "1"]
[SourceVersionDate "1998.11.16"]
[SourceQuality "1"]

1. d4 d5 2. c4 c6 3. Nf3 Nf6 4. Nc3 e6 5. Bg5 dxc4 6. e4 b5 7. e5 h6 8. Bh4 g5
9. Nxg5 hxg5 10. Bxg5 Nbd7 11. exf6 Bb7 12. g3 c5 13. d5 Bh6 14. Bxh6 Rxh6 15.
Qd2 Qxf6 16. Bg2 Ne5 17. O-O O-O-O 18. Ne4 Qh8 19. h4 Rxd5 20. Qe3 f5 21. Nc3
Rd4 22. Nxb5 Bxg2 23. Kxg2 Rdxh4 $2 (23... Rhxh4 24. Rh1 (24. gxh4 Rg4+ 25. Qg3
Qxh4 $19) 24... Rxh1 25. Rxh1 Qg7 26. Nxd4 cxd4 27. Qxd4 Qb7+) 24. Qxc5+ Kd8
25. Qc7+ Ke8 26. Nd6+ Kf8 27. Qd8+ Kg7 28. Qxh8+ 1-0